अशोक (चार अंको का एक ऐतिहासिक नाटक) (Record no. 492444)

MARC details
000 -LEADER
fixed length control field 00579nam a22001697a 4500
003 - CONTROL NUMBER IDENTIFIER
control field OSt
005 - DATE AND TIME OF LATEST TRANSACTION
control field 20120302150550.0
008 - FIXED-LENGTH DATA ELEMENTS--GENERAL INFORMATION
fixed length control field 090716t xxu||||| |||| 00| 0 eng d
035 ## - SYSTEM CONTROL NUMBER
System control number ७३०६
040 ## - CATALOGING SOURCE
Transcribing agency हिन्दी
100 ## - MAIN ENTRY--PERSONAL NAME
Personal name गोविन्ददास
9 (RLIN) 7521
245 ## - TITLE STATEMENT
Title अशोक (चार अंको का एक ऐतिहासिक नाटक)
250 ## - EDITION STATEMENT
Edition statement १ ली
260 ## - PUBLICATION, DISTRIBUTION, ETC. (IMPRINT)
Place of publication, distribution, etc दिल्ली
Name of publisher, distributor, etc भारती साहित्य मन्दिर
Date of publication, distribution, etc १९६०
300 ## - PHYSICAL DESCRIPTION
Other physical details १३५ पाने
942 ## - ADDED ENTRY ELEMENTS (KOHA)
Source of classification or shelving scheme Dewey Decimal Classification
Koha item type Book
Holdings
Withdrawn status Lost status Source of classification or shelving scheme Damaged status Not for loan Home library Current library Date acquired Cost, normal purchase price Total Checkouts Full call number Barcode Date last seen Price effective from
    Dewey Decimal Classification     Dr. Bedekar Vidya Mandir Library Dr. Bedekar Vidya Mandir Library 07/16/2009 0.00   H 934.045/ GOV 7306 03/19/2010 03/19/2010